LEADER 01468nam 2200469 450 001 9910480476003321 005 20210208181738.0 010 $a1-78491-107-0 035 $a(CKB)3710000000527827 035 $a(EBL)4181935 035 $a(SSID)ssj0001579927 035 $a(PQKBManifestationID)16257722 035 $a(PQKBTitleCode)TC0001579927 035 $a(PQKBWorkID)13877719 035 $a(PQKB)11394059 035 $a(MiAaPQ)EBC4181935 035 $a(MiAaPQ)EBC5962750 035 $a(EXLCZ)993710000000527827 100 $a20191126d2015 uy 0 101 0 $aeng 135 $aur|n|---||||| 181 $ctxt 182 $cc 183 $acr 200 10$aAegean mercenaries in light of the Bible $eclash of cultures in the story of David and Goliath /$fSimona Rodan 210 1$aOxford :$cArchaeopress Publishing,$d[2015] 210 4$d©2015 215 $a1 online resource (122 p.) 300 $aDescription based upon print version of record. 311 $a1-78491-106-2 320 $aIncludes bibliographical references (pages 103-112). 327 $aPages:1 to 25; Pages:26 to 50; Pages:51 to 75; Pages:76 to 100; Pages:101 to 122 608 $aElectronic books. 676 $a222.4092 700 $aRodan$b Simona$0935360 801 0$bMiAaPQ 801 1$bMiAaPQ 801 2$bMiAaPQ 906 $aBOOK 912 $a9910480476003321 996 $aAegean mercenaries in light of the Bible$92170297 997 $aUNINA LEADER 02837 am 2200529 n 450 001 9910495672203321 005 20240104030722.0 010 $a2-39061-049-8 035 $a(CKB)4100000011945186 035 $a(FrMaCLE)OB-pucl-7824 035 $a(PPN)256383812 035 $a(EXLCZ)994100000011945186 100 $a20210603j|||||||| ||| 0 101 0 $afre 135 $auu||||||m|||| 200 00$aVatican II et la Belgique$fClaude Soetens 210 $aLouvain-la-Neuve$cPresses universitaires de Louvain$d2021 215 $a1 online resource (338 p.) 311 $a2-87558-073-6 330 $aLe second concile du Vatican fut l?événement majeur de l?histoire de l?Eglise catholique au 20e siècle. Ses enjeux et ses résultats constituent pour l?Église d?aujourd?hui une référence incontournable. Cet ouvrage replace dans son contexte la participation de la Belgique à Vatican II en l?envisageant sous trois angles : l?avant-concile dans notre pays, le Concile proprement dit et la participation plus que substantielle des Belges, enfin la réception du Concile, spécialement en Belgique, à la lumière de quelques thèmes révélateurs. Sans renoncer à la rigueur scientifique, ce livre n?est pas réservé aux spécialistes. Il s?agit d?une publication de haute vulgarisation, fondée sur des documents en bonne partie encore inédits. L?ouvrage se veut aussi le produit de divers éclairages sur le vécu conciliaire et son époque historique, théologique, sociologique. Les témoignages personnels ne sont pas oubliés : plusieurs études sont rédigées par des témoins directs, tandis que des extraits de diaires ou de notes font revivre l?ambiance toute particulière des périodes conciliaires. Chaque contribution est accompagnée de références bibliographiques. Des index ainsi qu?un lexique des acteurs du Concile cités dans le livre et des termes spécifiques à l?organisation conciliaire contribuent à la grande utilité de cet ouvrage. 606 $aReligion 606 $aHistory 606 $aVatican 606 $aBelgique 606 $aÉglise 606 $acatholicisme 606 $aconcile 615 4$aReligion 615 4$aHistory 615 4$aVatican 615 4$aBelgique 615 4$aÉglise 615 4$acatholicisme 615 4$aconcile 700 $ade Locht$b Pierre$01328235 701 $aFamerée$b Joseph$0421073 701 $aGevers$b Lieve$01459083 701 $aHaquin$b André$0390409 701 $aHoutart$b François$0408847 701 $aJadoulle$b Jean-Louis$01306929 701 $aPrignon$b Albert$01459084 701 $aSoetens$b Claude$01459085 801 0$bFR-FrMaCLE 906 $aBOOK 912 $a9910495672203321 996 $aVatican II et la Belgique$93658507 997 $aUNINA LEADER 01255nas 2200433- 450 001 9910130632103321 005 20210920213022.0 011 $a2318-9312 035 $a(OCoLC)952999556 035 $a(CKB)110978978189530 035 $a(CONSER)--2017268652 035 $a(EXLCZ)99110978978189530 100 $a19981016a19929999 --- a 101 0 $apor 135 $aur|n||||||||| 181 $ctxt$2rdacontent 182 $cc$2rdamedia 183 $acr$2rdacarrier 200 00$aInfarma 210 1$aBrasília :$cConselho Federal de Farmácia,$d1992- 215 $a1 online resource 300 $aRefereed/Peer-reviewed 311 08$a0104-0219 517 1 $aCiências farmacêuticas 531 1 $aInfarma 606 $aPharmacy$xResearch$vPeriodicals 606 $aDrugs$xResearch$vPeriodicals 606 $aDrugs$xResearch$2fast$3(OCoLC)fst00898894 606 $aPharmacy$xResearch$2fast$3(OCoLC)fst01060314 608 $aPeriodicals.$2fast 615 0$aPharmacy$xResearch 615 0$aDrugs$xResearch 615 7$aDrugs$xResearch. 615 7$aPharmacy$xResearch. 712 02$aConselho Federal de Farmácia (Brazil), 906 $aJOURNAL 912 $a9910130632103321 996 $aInfarma$92578211 997 $aUNINA